[Event "Budapest FS10 Development"]
[Site "Budapest"]
[Date "2016.10.08"]
[Round "7"]
[White "Chekletsova, Darya"]
[Black "Steer, Jozsef"]
[Result "0-1"]
[WhiteElo "1696"]
[BlackElo "1842"]
[PlyCount "114"]
[EventDate "2016.10.01"]
[EventType "tourn"]
[EventRounds "9"]
[EventCountry "HUN"]
[SourceTitle "CBM 175 Extra"]
[Source "ChessBase"]
[SourceDate "2016.12.12"]
[SourceVersion "1"]
[SourceVersionDate "2016.12.12"]
[SourceQuality "1"]

1. d4 d5 2. c4 c6 3. cxd5 cxd5 4. Nc3 Nc6 5. Bf4 a6 6. Nf3 Nf6 7. e3 h6 8. h3 Qb6 9. Qc2 Bf5 10. Qd2 e6 11. Be2 Bb4 12. 0-0 Ne4 13. Qc1 Rc8 14. a3 Bxc3 15. bxc3 Na5 16. Rb1 Qa7 17. Rb2 Nxc3 18. Qe1 Nxe2+ 19. Qxe2 0-0 20. Bd6 Rfd8 21. Bc5 Qb8 22. Bb6 Nc4 23. Bxd8 Nxb2 24. Qxb2 Rxd8 25. Ne5 f6 26. Nf3 Rc8 27. Rc1 b5 28. Rc3 Rc4 29. Nd2 Rxc3 30. Qxc3 Qd6 31. Nf3 Be4 32. Nh4 Kf7 33. Nf3 Bxf3 34. gxf3 Qb6 35. Qc8 Qd6 36. Qc3 Ke7 37. Qa5 Kd7 38. Kg2 Kc8 39. Kg1 Kb7 40. Kg2 e5 41. Qc3 Kb6 42. f4 exf4 43. exf4 a5 44. Qe3 b4 45. axb4 axb4 46. Qb3 Kb5 47. Qd3+ Ka4 48. Qc2+ b3 49. Qc8 b2 50. Qa8+ Kb3 51. Qb7+ Kc2 52. Qc8+ Kb3 53. Qb7+ Ka2 54. Qa7+ Qa3 55. Qb7 b1Q 56. Qxd5+ Ka1 57. Qc4 Qbd3 0-1

[Event "Budapest FS10 Development"]
[Site "Budapest"]
[Date "2016.10.07"]
[Round "6"]
[White "Steer, Jozsef"]
[Black "Bacsi, Andras"]
[Result "1/2-1/2"]
[WhiteElo "1842"]
[BlackElo "1710"]
[PlyCount "63"]
[EventDate "2016.10.01"]
[EventType "tourn"]
[EventRounds "9"]
[EventCountry "HUN"]
[SourceTitle "CBM 175 Extra"]
[Source "ChessBase"]
[SourceDate "2016.12.12"]
[SourceVersion "1"]
[SourceVersionDate "2016.12.12"]
[SourceQuality "1"]

1. e4 c5 2. Nf3 e6 3. d4 cxd4 4. Nxd4 a6 5. Nc3 Qc7 6. a3 b5 7. Be2 Bb7 8. 0-0 d6 9. Be3 Nd7 10. f3 Ngf6 11. Qd2 Be7 12. Rad1 0-0 13. Rfe1 Rac8 14. Bf1 Rfe8 15. Bf2 Nb6 16. Nb3 Nc4 17. Bxc4 Qxc4 18. Qd3 Qxd3 19. cxd3 e5 20. d4 Bf8 21. d5 Nd7 22. Rc1 g6 23. Ne2 Rxc1 24. Rxc1 Rc8 25. Rxc8 Bxc8 26. g4 f6 27. h4 Kf7 28. Kf1 Nc5 29. Bxc5 dxc5 30. Nec1 c4 31. Nd2 Bc5 32. Ke2 1/2-1/2

[Event "Budapest FS10 Development"]
[Site "Budapest"]
[Date "2016.10.05"]
[Round "5"]
[White "Koltai, Dora"]
[Black "Steer, Jozsef"]
[Result "1/2-1/2"]
[WhiteElo "1551"]
[BlackElo "1842"]
[PlyCount "62"]
[EventDate "2016.10.01"]
[EventType "tourn"]
[EventRounds "9"]
[EventCountry "HUN"]
[SourceTitle "CBM 175 Extra"]
[Source "ChessBase"]
[SourceDate "2016.12.12"]
[SourceVersion "1"]
[SourceVersionDate "2016.12.12"]
[SourceQuality "1"]

1. e4 c6 2. d4 d5 3. exd5 cxd5 4. Bd3 Nc6 5. c3 Nf6 6. Bf4 Qb6 7. Qc2 Bg4 8. Nd2 Bh5 9. Ngf3 Bg6 10. Bxg6 hxg6 11. 0-0 e6 12. Rfe1 Be7 13. Ne5 Nxe5 14. Bxe5 0-0 15. Nf3 Rac8 16. Rab1 Ne4 17. Nd2 Nxd2 18. Qxd2 Bd6 19. Qf4 Bxe5 20. dxe5 Rc4 21. Qe3 Qxe3 22. Rxe3 Rfc8 23. g3 b5 24. a3 a5 25. f4 b4 26. axb4 axb4 27. cxb4 Rxb4 28. Re2 Kf8 29. Kf1 Ke7 30. Ke1 f6 31. Ra1 Rcb8 1/2-1/2

[Event "Budapest FS09 FM"]
[Site "Budapest"]
[Date "2016.09.07"]
[Round "5"]
[White "Steer, Jozsef"]
[Black "Reh, Philipp"]
[Result "1/2-1/2"]
[WhiteElo "1829"]
[BlackElo "2024"]
[PlyCount "99"]
[EventDate "2016.09.03"]
[EventType "tourn"]
[EventRounds "10"]
[EventCountry "HUN"]
[SourceTitle "CBM 174 Extra"]
[Source "ChessBase"]
[SourceDate "2016.10.10"]
[SourceVersion "1"]
[SourceVersionDate "2016.10.10"]
[SourceQuality "1"]

1. e4 g6 2. d4 d6 3. Nc3 Bg7 4. Be3 c6 5. Bc4 e6 6. Bb3 Nf6 7. Bg5 Qa5 8. Qd2 Nbd7 9. Nf3 h6 10. Bf4 e5 11. dxe5 dxe5 12. Be3 Ng4 13. 0-0 Nxe3 14. Qxe3 0-0 15. Ne2 Qc5 16. Qd3 Re8 17. Nh4 Nf8 18. Rad1 Bf6 19. Qg3 Bxh4 20. Qxh4 Kg7 21. Rd3 Be6 22. Rf3 Qe7 23. Qg3 Qg5 24. Qxg5 hxg5 25. Rd3 Red8 26. Rfd1 Rxd3 27. Rxd3 Kf6 28. f3 Ke7 29. Kf2 a5 30. Ke3 a4 31. Bxe6 Nxe6 32. a3 Ra6 33. Kd2 Nc5 34. Rc3 b6 35. Nc1 g4 36. Nd3 Nxd3 37. Rxd3 gxf3 38. Rxf3 Ke6 39. g4 g5 40. Rc3 c5 41. Rh3 Ra8 42. c3 c4 43. Ke2 Rd8 44. Rf3 Rh8 45. h3 f5 46. gxf5+ Kf6 47. Rg3 Rh4 48. Ke3 Rh7 49. Ke2 Rh4 50. Ke3 1/2-1/2

[Event "Budapest FS09 FM"]
[Site "Budapest"]
[Date "2016.09.04"]
[Round "2"]
[White "Ditze, Thomas"]
[Black "Steer, Jozsef"]
[Result "1/2-1/2"]
[WhiteElo "1896"]
[BlackElo "1829"]
[PlyCount "61"]
[EventDate "2016.09.03"]
[EventType "tourn"]
[EventRounds "10"]
[EventCountry "HUN"]
[SourceTitle "CBM 174 Extra"]
[Source "ChessBase"]
[SourceDate "2016.10.10"]
[SourceVersion "1"]
[SourceVersionDate "2016.10.10"]
[SourceQuality "1"]

1. d4 d5 2. c4 c6 3. e3 Nf6 4. Nf3 Bg4 5. h3 Bxf3 6. Qxf3 e6 7. Nc3 dxc4 8. Bxc4 Bb4 9. 0-0 0-0 10. Rd1 Nbd7 11. Bb3 Bxc3 12. bxc3 Qa5 13. c4 Rfe8 14. Bb2 Rad8 15. e4 Qh5 16. Qxh5 Nxh5 17. g3 g6 18. Kg2 f5 19. d5 exd5 20. exf5 Nb6 21. cxd5 Nxd5 22. fxg6 hxg6 23. Bd4 a6 24. Rac1 Kh7 25. Bc5 Nhf6 26. Bd4 Nh5 27. Bxd5 Rxd5 28. Be3 Red8 29. Rxd5 Rxd5 30. Rb1 Rd7 31. Bg5 1/2-1/2

[Event "Budapest FS08 FM-B"]
[Site "Budapest"]
[Date "2016.08.13"]
[Round "7"]
[White "Bakos, Viktor"]
[Black "Steer, Jozsef"]
[Result "1/2-1/2"]
[WhiteElo "1695"]
[BlackElo "1829"]
[PlyCount "40"]
[EventDate "2016.08.06"]
[EventType "tourn"]
[EventRounds "9"]
[EventCountry "HUN"]
[SourceTitle "EXT 2017"]
[Source "ChessBase"]
[SourceDate "2016.10.25"]
[SourceVersion "1"]
[SourceVersionDate "2016.10.25"]
[SourceQuality "1"]

1. e4 c6 2. d4 d5 3. exd5 cxd5 4. Nf3 Nf6 5. Be2 Bd7 6. c3 Bc6 7. 0-0 e6 8. Nbd2 Be7 9. Re1 0-0 10. h3 h6 11. Nb3 Nbd7 12. Bf4 Re8 13. Rc1 Ba4 14. Bd3 Rc8 15. Qe2 Bxb3 16. axb3 a6 17. b4 Qb6 18. Ne5 Nb8 19. b5 axb5 20. Bxb5 Nc6 1/2-1/2

[Event "Budapest FS04 FM"]
[Site "Budapest"]
[Date "2016.04.08"]
[Round "6"]
[White "Steer, Jozsef"]
[Black "Milikow, Yoav"]
[Result "1-0"]
[WhiteElo "1824"]
[BlackElo "1874"]
[PlyCount "129"]
[EventDate "2016.04.02"]
[EventType "tourn"]
[EventRounds "10"]
[EventCountry "HUN"]
[SourceTitle "CBM 171 Extra"]
[Source "ChessBase"]
[SourceDate "2016.04.26"]
[SourceVersion "1"]
[SourceVersionDate "2016.04.26"]
[SourceQuality "1"]

1. e4 c6 2. d4 d5 3. exd5 cxd5 4. Bd3 Nc6 5. c3 Nf6 6. h3 g6 7. Nf3 Bg7 8. Bf4 0-0 9. 0-0 Nh5 10. Bh2 Bh6 11. Re1 Nf4 12. Bc2 f6 13. Nbd2 Kh8 14. Nf1 Re8 15. Bxf4 Bxf4 16. Ng3 e5 17. dxe5 fxe5 18. Ne2 Bh6 19. Ba4 Bg7 20. Ng3 Rb8 21. Qd2 b5 22. Bb3 Be6 23. Rad1 Qc7 24. Ng5 Bg8 25. Qe2 Red8 26. Qg4 Qd7 27. Qe2 b4 28. Nf3 bxc3 29. bxc3 Qc7 30. Ba4 e4 31. Nd4 Nxd4 32. cxd4 Rb4 33. Bb3 Rxd4 34. Nf1 Qf4 35. Rxd4 Bxd4 36. Rd1 Bg7 37. Qb5 Rf8 38. Qc5 d4 39. Qc2 d3 40. Qd2 Bd4 41. Ne3 h5 42. Bxg8 Kxg8 43. Rc1 g5 44. Rc4 Bb6 45. a4 g4 46. a5 g3 47. axb6 gxf2+ 48. Kh1 axb6 49. Rc1 Qg5 50. Rf1 Qf4 51. Qa2+ Rf7 52. Nd5 Qg5 53. Qc4 d2 54. Qd4 Rf8 55. Ne3 Rd8 56. Qxe4 b5 57. Nd1 Rf8 58. Qe2 Rf5 59. Nxf2 Qf4 60. Kg1 b4 61. Qd3 Re5 62. g3 Qh6 63. Ne4 Qb6+ 64. Kh2 h4 65. Nf6+ 1-0

[Event "Budapest FS04 FM"]
[Site "Budapest"]
[Date "2016.04.06"]
[Round "4"]
[White "Steer, Jozsef"]
[Black "Zvereva, Margarita"]
[Result "1-0"]
[WhiteElo "1824"]
[BlackElo "1768"]
[PlyCount "117"]
[EventDate "2016.04.02"]
[EventType "tourn"]
[EventRounds "10"]
[EventCountry "HUN"]
[SourceTitle "CBM 171 Extra"]
[Source "ChessBase"]
[SourceDate "2016.04.26"]
[SourceVersion "1"]
[SourceVersionDate "2016.04.26"]
[SourceQuality "1"]

1. e4 c5 2. Nf3 e6 3. d4 cxd4 4. Nxd4 a6 5. a3 Qc7 6. Nc3 Nf6 7. Be3 b5 8. Be2 Bb7 9. Bf3 d6 10. 0-0 Be7 11. Qd3 Nbd7 12. Nb3 Ne5 13. Qe2 Nxf3+ 14. gxf3 d5 15. Bg5 dxe4 16. fxe4 Bd6 17. f3 Nh5 18. Rfe1 Nf4 19. Bxf4 Bxf4 20. Rad1 Bd6 21. Rd3 Rd8 22. Red1 Be7 23. Rxd8+ Bxd8 24. Qd3 Be7 25. Kg2 h5 26. Na5 Bc8 27. b4 h4 28. Ne2 h3+ 29. Kh1 Bf6 30. Rd2 Rh6 31. c4 Rh5 32. cxb5 Rxb5 33. Nb3 Be7 34. Rc2 Qd7 35. Ned4 e5 36. Rxc8+ Qxc8 37. Nxb5 axb5 38. Qxb5+ Qd7 39. Qb8+ Qd8 40. Qxd8+ Kxd8 41. Kg1 Kc7 42. Kf2 Bh4+ 43. Kf1 Be7 44. Nc1 Kb6 45. Nd3 f6 46. a4 g6 47. Kf2 Bf8 48. Kg3 Bg7 49. Kxh3 f5 50. Nc5 Kc6 51. Kg2 Bh6 52. h4 fxe4 53. fxe4 Bg7 54. Kf3 Bf6 55. Kg4 Kd6 56. a5 Kc6 57. a6 Kb6 58. Nd7+ Kxa6 59. Nxf6 1-0

[Event "Budapest FS04 FM"]
[Site "Budapest"]
[Date "2016.04.04"]
[Round "2"]
[White "Steer, Jozsef"]
[Black "Kovacsy, Barnabas"]
[Result "1/2-1/2"]
[WhiteElo "1824"]
[BlackElo "1971"]
[PlyCount "59"]
[EventDate "2016.04.02"]
[EventType "tourn"]
[EventRounds "10"]
[EventCountry "HUN"]
[SourceTitle "CBM 171 Extra"]
[Source "ChessBase"]
[SourceDate "2016.04.26"]
[SourceVersion "1"]
[SourceVersionDate "2016.04.26"]
[SourceQuality "1"]

1. e4 c5 2. Nf3 Nc6 3. d4 cxd4 4. Nxd4 e6 5. a3 Qc7 6. Nc3 a6 7. Be3 Nf6 8. Be2 Be7 9. 0-0 0-0 10. Nb3 b5 11. Bc5 d6 12. Be3 Bb7 13. f4 Rfd8 14. Bf3 Rac8 15. Qe1 Nd7 16. Ne2 Nb6 17. Bxb6 Qxb6+ 18. Qf2 Qc7 19. c3 Na5 20. Nxa5 Qxa5 21. Kh1 d5 22. e5 Rc4 23. Rad1 Rdc8 24. Nd4 Qc7 25. Be2 Rc5 26. Nb3 Rc6 27. Nd4 Bc5 28. Qg3 Rb6 29. Bg4 Bxd4 30. Rxd4 1/2-1/2

[Event "Budapest FS03 FM"]
[Site "Budapest"]
[Date "2016.03.13"]
[Round "8"]
[White "Steer, Jozsef"]
[Black "Afshar, Niusha"]
[Result "1/2-1/2"]
[WhiteElo "1801"]
[BlackElo "1937"]
[PlyCount "31"]
[EventDate "2016.03.05"]
[EventType "tourn"]
[EventRounds "9"]
[EventCountry "HUN"]
[SourceTitle "CBM 171 Extra"]
[Source "ChessBase"]
[SourceDate "2016.04.26"]
[SourceVersion "1"]
[SourceVersionDate "2016.04.26"]
[SourceQuality "1"]

1. e4 c5 2. Nf3 Nc6 3. d4 cxd4 4. Nxd4 Nf6 5. Nc3 e6 6. Ndb5 Bb4 7. a3 Bxc3+ 8. Nxc3 d5 9. exd5 exd5 10. Bd3 0-0 11. 0-0 d4 12. Ne4 Bf5 13. Bg5 Bxe4 14. Bxe4 Qd6 15. Bxf6 Qxf6 16. Re1 1/2-1/2

[Event "Budapest FS03 FM"]
[Site "Budapest"]
[Date "2016.03.12"]
[Round "7"]
[White "Pesola, Jyrki"]
[Black "Steer, Jozsef"]
[Result "1/2-1/2"]
[WhiteElo "1944"]
[BlackElo "1801"]
[PlyCount "34"]
[EventDate "2016.03.05"]
[EventType "tourn"]
[EventRounds "9"]
[EventCountry "HUN"]
[SourceTitle "CBM 171 Extra"]
[Source "ChessBase"]
[SourceDate "2016.04.26"]
[SourceVersion "1"]
[SourceVersionDate "2016.04.26"]
[SourceQuality "1"]

1. e4 c6 2. c4 d5 3. exd5 cxd5 4. cxd5 Qxd5 5. Nc3 Qd8 6. Bc4 e6 7. Nf3 Nc6 8. d4 Nf6 9. 0-0 Be7 10. d5 exd5 11. Nxd5 Nxd5 12. Bxd5 0-0 13. Qb3 Na5 14. Qd3 Be6 15. Rd1 Qxd5 16. Qxd5 Bxd5 17. Rxd5 Rfd8 1/2-1/2

[Event "Budapest FS02 FM"]
[Site "Budapest"]
[Date "2016.02.10"]
[Round "5"]
[White "Bensaid, Simon"]
[Black "Steer, Jozsef"]
[Result "1-0"]
[WhiteElo "1851"]
[BlackElo "1801"]
[PlyCount "97"]
[EventDate "2016.02.06"]
[EventType "tourn"]
[EventRounds "9"]
[EventCountry "HUN"]
[SourceTitle "CBM 170 Extra"]
[Source "ChessBase"]
[SourceDate "2016.02.25"]
[SourceVersion "1"]
[SourceVersionDate "2016.02.25"]
[SourceQuality "1"]

1. e4 c6 2. d4 d5 3. Nc3 dxe4 4. Nxe4 Bf5 5. Ng3 Bg6 6. h4 h6 7. Nf3 Nd7 8. h5 Bh7 9. Bd3 Bxd3 10. Qxd3 Qc7 11. Bd2 Ngf6 12. Ne4 Nxe4 13. Qxe4 Nf6 14. Qe2 e6 15. 0-0-0 0-0-0 16. g3 Bd6 17. c4 c5 18. Bc3 Rhe8 19. Kb1 Qc6 20. Rhe1 Kb8 21. Ne5 Bxe5 22. Qxe5+ Qc7 23. dxc5 Rxd1+ 24. Rxd1 Qxe5 25. Bxe5+ Kc8 26. f3 Nxh5 27. Rh1 Nf6 28. Bxf6 gxf6 29. Rxh6 f5 30. Kc2 Rg8 31. Rh3 Kc7 32. Kd3 Kc6 33. b4 a5 34. a3 Rd8+ 35. Kc3 Rd1 36. Rh7 Rf1 37. Rxf7 Rxf3+ 38. Kd4 e5+ 39. Kxe5 Rxa3 40. Rf6+ Kc7 41. b5 Rxg3 42. b6+ Kd8 43. c6 bxc6 44. Kd6 Kc8 45. Kxc6 Rg8 46. Rxf5 Rg6+ 47. Kb5 a4 48. Rf3 Kb7 49. c5 1-0

[Event "Budapest FS02 FM"]
[Site "Budapest"]
[Date "2016.02.08"]
[Round "3"]
[White "Gruz, Janos"]
[Black "Steer, Jozsef"]
[Result "1/2-1/2"]
[WhiteElo "1766"]
[BlackElo "1801"]
[PlyCount "28"]
[EventDate "2016.02.06"]
[EventType "tourn"]
[EventRounds "9"]
[EventCountry "HUN"]
[SourceTitle "CBM 170 Extra"]
[Source "ChessBase"]
[SourceDate "2016.02.25"]
[SourceVersion "1"]
[SourceVersionDate "2016.02.25"]
[SourceQuality "1"]

1. d4 d5 2. Nf3 Nf6 3. Bf4 e6 4. e3 c5 5. c3 cxd4 6. exd4 Bd6 7. Bxd6 Qxd6 8. Bd3 0-0 9. 0-0 Ne4 10. Nbd2 Nxd2 11. Qxd2 Nd7 12. Rae1 Nf6 13. Ne5 h6 14. h3 Bd7 1/2-1/2

[Event "Budapest FS12 FM-B"]
[Site "Budapest"]
[Date "2015.12.09"]
[Round "5"]
[White "Steer, Jozsef"]
[Black "Lakat, Gyula"]
[Result "1-0"]
[WhiteElo "1755"]
[BlackElo "1803"]
[PlyCount "129"]
[EventDate "2015.12.05"]
[EventType "tourn"]
[EventRounds "9"]
[EventCountry "HUN"]
[SourceTitle "CBM 170 Extra"]
[Source "ChessBase"]
[SourceDate "2016.02.25"]
[SourceVersion "1"]
[SourceVersionDate "2016.02.25"]
[SourceQuality "1"]

1. e4 c5 2. Nf3 Nc6 3. d4 cxd4 4. Nxd4 Nf6 5. Nc3 e5 6. Ndb5 d6 7. Bg5 Be7 8. Bxf6 gxf6 9. Nd5 0-0 10. Nxe7+ Qxe7 11. Qxd6 Qxd6 12. Nxd6 Nd4 13. 0-0-0 Rd8 14. Nxc8 Raxc8 15. c3 Ne6 16. g3 Rxd1+ 17. Kxd1 Nc5 18. f3 a6 19. Kc2 b5 20. a3 Ne6 21. Bh3 Rc6 22. Bxe6 fxe6 23. Rd1 Kg7 24. Rd7+ Kg6 25. b3 f5 26. Kd3 h6 27. c4 bxc4+ 28. bxc4 h5 29. Kc3 f4 30. a4 Kf6 31. a5 Rc8 32. Rd6 Ke7 33. Rxa6 fxg3 34. hxg3 Rg8 35. Ra7+ Kd6 36. Rh7 Rxg3 37. Rxh5 Rxf3+ 38. Kb4 Rf1 39. c5+ Kc6 40. Rxe5 Rb1+ 41. Kc4 Rc1+ 42. Kd4 Rd1+ 43. Ke3 Re1+ 44. Kf2 Ra1 45. a6 Kd7 46. c6+ Kc7 47. Rxe6 Rxa6 48. Kf3 Ra1 49. Kf4 Rc1 50. Kf5 Kd8 51. e5 Rf1+ 52. Kg6 Rc1 53. Kf7 Kc7 54. Rd6 Rh1 55. Rf6 Rh7+ 56. Ke8 Rh8+ 57. Ke7 Rh7+ 58. Kf8 Rh8+ 59. Kg7 Re8 60. e6 Kxc6 61. Kf7 Rb8 62. Ke7 Ra8 63. Rf1 Kd5 64. Rd1+ Ke5 65. Kf7 1-0

[Event "Budapest FS12 FM-B"]
[Site "Budapest"]
[Date "2015.12.08"]
[Round "4"]
[White "Atmatzidis Hatziris, Konstantinos"]
[Black "Steer, Jozsef"]
[Result "0-1"]
[WhiteElo "1504"]
[BlackElo "1755"]
[PlyCount "86"]
[EventDate "2015.12.05"]
[EventType "tourn"]
[EventRounds "9"]
[EventCountry "HUN"]
[SourceTitle "CBM 170 Extra"]
[Source "ChessBase"]
[SourceDate "2016.02.25"]
[SourceVersion "1"]
[SourceVersionDate "2016.02.25"]
[SourceQuality "1"]

1. e4 c6 2. d4 d5 3. exd5 cxd5 4. Bd3 Nc6 5. c3 Nf6 6. Bf4 Qb6 7. Qc2 Bg4 8. f3 Bh5 9. a4 Rc8 10. Bb5 Bg6 11. Qd2 a6 12. Bxc6+ Qxc6 13. Ne2 Bxb1 14. Rxb1 Qxa4 15. 0-0 e6 16. b3 Qc6 17. c4 Be7 18. cxd5 Qxd5 19. Qd3 Bb4 20. Be5 0-0 21. Bxf6 gxf6 22. f4 Rfd8 23. Rbd1 Kh8 24. Rf3 f5 25. Rg3 Rg8 26. Rxg8+ Rxg8 27. g3 Rc8 28. Rc1 Rxc1+ 29. Nxc1 b5 30. Ne2 Qe4 31. Qxe4 fxe4 32. g4 a5 33. f5 a4 34. bxa4 bxa4 35. Nc1 Bd2 36. Na2 exf5 37. d5 fxg4 38. d6 f5 39. d7 Bg5 40. Kf2 Kg8 41. Kg3 Kf7 42. d8Q Bxd8 43. Kf4 Kg6 0-1

[Event "Budapest FS10 FM"]
[Site "Budapest"]
[Date "2015.10.04"]
[Round "2"]
[White "Rabovszky, Gyorgy"]
[Black "Steer, Jozsef"]
[Result "1-0"]
[WhiteElo "1840"]
[BlackElo "1755"]
[PlyCount "47"]
[EventDate "2015.10.03"]
[EventType "tourn"]
[EventRounds "10"]
[EventCountry "HUN"]
[SourceTitle "CBM 168 Extra"]
[Source "ChessBase"]
[SourceDate "2015.10.29"]
[SourceVersion "1"]
[SourceVersionDate "2015.10.29"]
[SourceQuality "1"]

1. e4 c6 2. d4 d5 3. f3 e6 4. Nc3 a6 5. Be3 Bb4 6. Bd3 Nd7 7. a3 Bxc3+ 8. bxc3 Qa5 9. Ne2 c5 10. exd5 exd5 11. 0-0 Ngf6 12. Bf5 c4 13. Bg5 0-0 14. Qd2 Qb6 15. Qf4 h6 16. Bh4 Re8 17. Ng3 Nf8 18. Rab1 Qc6 19. Bxc8 Raxc8 20. Bxf6 Qxf6 21. Qxf6 gxf6 22. Rxb7 Re3 23. Nf5 Re2 24. Ne7+ 1-0

[Event "Budapest FS09 FM-B"]
[Site "Budapest"]
[Date "2015.09.07"]
[Round "3"]
[White "Steer, Jozsef"]
[Black "Szlenka, Attila"]
[Result "1/2-1/2"]
[WhiteElo "1786"]
[BlackElo "1786"]
[PlyCount "99"]
[EventDate "2015.09.05"]
[EventType "tourn"]
[EventRounds "9"]
[EventCountry "HUN"]
[SourceTitle "EXT 2016"]
[Source "ChessBase"]
[SourceDate "2015.10.08"]
[SourceVersion "1"]
[SourceVersionDate "2015.10.08"]
[SourceQuality "1"]

1. e4 Nf6 2. Nc3 d5 3. e5 d4 4. exf6 dxc3 5. fxg7 cxd2+ 6. Qxd2 Qxd2+ 7. Bxd2 Bxg7 8. 0-0-0 Be6 9. a3 Nd7 10. Nf3 h6 11. h3 0-0-0 12. Be3 a6 13. Nd4 Bxd4 14. Rxd4 h5 15. Be2 Nf6 16. Rhd1 Rxd4 17. Bxd4 Rg8 18. Bxf6 exf6 19. Bf3 Rg5 20. Rd4 Bf5 21. Rd5 Bg6 22. h4 Re5 23. Kd2 b6 24. c3 Rxd5+ 25. Bxd5 Kd7 26. Ke3 Kd6 27. Bb7 a5 28. Kf4 Ke6 29. Bf3 c5 30. g4 hxg4 31. Bxg4+ f5 32. Bf3 f6 33. c4 Kd6 34. h5 Bh7 35. Bd5 Ke7 36. Ke3 Kf8 37. Kd3 Kg7 38. Kc3 f4 39. Kb3 Bf5 40. f3 Kh6 41. Bf7 Bd7 42. Kc3 Bc6 43. Bd5 Be8 44. Kd3 Kxh5 45. Ke2 Kg5 46. Bb7 Kf5 47. Kd3 Ke5 48. Be4 Bd7 49. Bb7 Kd6 50. Ke4 1/2-1/2

[Event "Budapest FS08 FM-B"]
[Site "Budapest"]
[Date "2015.08.11"]
[Round "10"]
[White "Steer, Jozsef"]
[Black "Szurkos, Andras"]
[Result "1-0"]
[WhiteElo "1841"]
[BlackElo "1807"]
[PlyCount "157"]
[EventDate "2015.08.01"]
[EventType "tourn"]
[EventRounds "10"]
[EventCountry "HUN"]
[SourceTitle "CBM 167 Extra"]
[Source "ChessBase"]
[SourceDate "2015.09.14"]
[SourceVersion "1"]
[SourceVersionDate "2015.09.14"]
[SourceQuality "1"]

1. e4 e6 2. d4 d5 3. Nd2 c5 4. Ngf3 cxd4 5. Nxd4 dxe4 6. Nxe4 e5 7. Nb5 Qxd1+ 8. Kxd1 Na6 9. Nbd6+ Bxd6 10. Nxd6+ Ke7 11. Nxc8+ Rxc8 12. Bxa6 bxa6 13. Re1 Rd8+ 14. Ke2 Ke6 15. Be3 Ra8 16. Red1 Ne7 17. Rd3 Rhc8 18. c3 Rab8 19. b3 Nd5 20. c4 Nb4 21. Rd2 Rb7 22. Rad1 Nc6 23. g4 f6 24. Rd6+ Ke7 25. Bc5 Nd4+ 26. Bxd4 Kxd6 27. Bxa7+ Ke6 28. Be3 a5 29. c5 a4 30. bxa4 Ra7 31. Rd6+ Ke7 32. Rb6 Rxa4 33. Rb7+ Kf8 34. h3 Rxa2+ 35. Kd3 Ra4 36. Kc3 Ra6 37. Kc4 h6 38. Kb5 Rac6 39. Ra7 Re6 40. Rb7 Kg8 41. Rb6 Re7 42. c6 Kf7 43. Rb7 Ke6 44. Bc5 Rec7 45. Rxc7 Rxc7 46. Kb6 Rc8 47. Kb7 Re8 48. Bb6 g6 49. Be3 g5 50. Bb6 Kd6 51. Bc7+ Ke6 52. Bb6 Rg8 53. Bc5 e4 54. Bd4 Rd8 55. c7 Rd7 56. Kb8 Rxc7 57. Kxc7 f5 58. gxf5+ Kxf5 59. Be3 h5 60. Kd6 h4 61. Bxg5 Kxg5 62. Ke5 Kg6 63. Kxe4 Kf6 64. Kf4 Kg6 65. Kg4 Kf6 66. Kxh4 Kf5 67. Kg3 Kg5 68. f3 Kf5 69. h4 Kg6 70. Kg4 Kf6 71. h5 Kg7 72. Kg5 Kf7 73. h6 Kg8 74. Kg6 Kh8 75. f4 Kg8 76. f5 Kh8 77. f6 Kg8 78. f7+ Kf8 79. h7 1-0

[Event "Budapest FS07 FM-A"]
[Site "Budapest"]
[Date "2015.07.07"]
[Round "4"]
[White "Steer, Jozsef"]
[Black "Shaw, Robin A"]
[Result "1/2-1/2"]
[WhiteElo "1849"]
[BlackElo "1823"]
[PlyCount "77"]
[EventDate "2015.07.04"]
[EventType "tourn"]
[EventRounds "9"]
[EventCountry "HUN"]
[SourceTitle "CBM 167 Extra"]
[Source "ChessBase"]
[SourceDate "2015.09.14"]
[SourceVersion "1"]
[SourceVersionDate "2015.09.14"]
[SourceQuality "1"]

1. e4 g6 2. d4 Bg7 3. Nc3 d6 4. Bc4 e6 5. Be3 a6 6. a4 Nc6 7. Nge2 Nf6 8. h3 Bd7 9. 0-0 Qe7 10. Qd2 0-0 11. Bd3 Ne8 12. f4 Nb4 13. Bc4 c5 14. Rfd1 Bc6 15. Bf2 d5 16. exd5 exd5 17. Ba2 c4 18. b3 b5 19. Bb1 Nf6 20. Re1 Rfd8 21. axb5 axb5 22. Rxa8 Rxa8 23. Ng3 Qf8 24. f5 Re8 25. Qf4 Bh6 26. Rxe8 Bxf4 27. Rxf8+ Kxf8 28. fxg6 hxg6 29. Kf1 Ke7 30. Ke2 Bd6 31. Nf1 Ne4 32. Nxe4 dxe4 33. bxc4 bxc4 34. g4 Nd5 35. Be1 Nf4+ 36. Ke3 Ng2+ 37. Ke2 Nf4+ 38. Ke3 Ng2+ 39. Ke2 1/2-1/2

[Event "Budapest FS07 FM-A"]
[Site "Budapest"]
[Date "2015.07.06"]
[Round "3"]
[White "Steer, Jozsef"]
[Black "Cilia Vincenti, David"]
[Result "0-1"]
[WhiteElo "1849"]
[BlackElo "2085"]
[PlyCount "72"]
[EventDate "2015.07.04"]
[EventType "tourn"]
[EventRounds "9"]
[EventCountry "HUN"]
[SourceTitle "CBM 167 Extra"]
[Source "ChessBase"]
[SourceDate "2015.09.14"]
[SourceVersion "1"]
[SourceVersionDate "2015.09.14"]
[SourceQuality "1"]

1. e4 d5 2. exd5 Qxd5 3. Nc3 Qd8 4. d4 Nf6 5. h3 c6 6. Nf3 Bf5 7. Bd3 Bxd3 8. Qxd3 e6 9. Bg5 Nbd7 10. Ne4 Be7 11. Nxf6+ Nxf6 12. 0-0 0-0 13. Rad1 h6 14. Bxf6 Bxf6 15. Rfe1 Qb6 16. Qb3 Qxb3 17. axb3 Rfd8 18. c3 a5 19. Ne5 c5 20. f4 cxd4 21. Rxd4 Rxd4 22. cxd4 Rd8 23. Rd1 Bxe5 24. fxe5 f6 25. exf6 gxf6 26. Kf2 e5 27. Ke3 Kf7 28. Ke4 Ke6 29. g4 Rd5 30. Rd3 b6 31. h4 h5 32. dxe5 Rxd3 33. Kxd3 hxg4 34. exf6 Kxf6 35. Ke4 Kg6 36. Kf4 Kh5 0-1